Elenco comuni italiani - lettera C - Statistics

Statistiche generali
  • Questo quiz è stato fatto 47 volte
    41 dall'ultimo reset
  • Il punteggio medio è 133 su 1462
Statistiche sulle risposte
Comune Provincia Regione Abitanti % Corretto
Cagli Pesaro e Urbino Marche 8072
91%
Cagliari (capoluogo di provincia) Sardegna 149572
91%
Como (capoluogo di provincia) Lombardia 84250
91%
Cuneo (capoluogo di provincia) Piemonte 55822
87%
Caserta (capoluogo di provincia) Campania 72813
83%
Catanzaro (capoluogo di provincia) Calabria 86183
83%
Chieti (capoluogo di provincia) Abruzzo 49139
83%
Cremona (capoluogo di provincia) Lombardia 71223
83%
Caltanissetta (capoluogo di provincia) Sicilia 59864
78%
Campobasso (capoluogo di provincia) Molise 47535
78%
Casale Monferrato Alessandria Piemonte 32641
78%
Cosenza (capoluogo di provincia) Calabria 64070
78%
Crotone (capoluogo di provincia) Calabria 60123
78%
Carpi Modena Emilia-Romagna 71730
74%
Catania (capoluogo di provincia) Sicilia 300356
74%
Cesena Forlì-Cesena Emilia-Romagna 96520
74%
Crema Cremona Lombardia 34210
74%
Capri Napoli Campania 6937
70%
Castro Bergamo Lombardia 1258
70%
Castro Lecce Puglia 1258
70%
Cinisello Balsamo Milano Lombardia 74636
70%
Camogli Genova Liguria 5087
65%
Cassino Frosinone Lazio 35418
65%
Chiavari Genova Liguria 27244
65%
Civita Cosenza Calabria 859
65%
Cantù Como Lombardia 39469
61%
Carbonia Sulcis Iglesiente Sardegna 26672
61%
Casoria Napoli Campania 74115
61%
Castellammare di Stabia Napoli Campania 63694
61%
Cento Ferrara Emilia-Romagna 35107
61%
Cerignola Foggia Puglia 57223
61%
Cesa Caserta Campania 9310
61%
Chioggia Venezia Veneto 48223
61%
Cis Trento Trentino-Alto Adige 298
61%
Colleferro Roma Lazio 20698
61%
Cori Latina Lazio 10482
61%
Camaiore Lucca Toscana 31761
57%
Canicattì Agrigento Sicilia 34446
57%
Canna Cosenza Calabria 661
57%
Caorle Venezia Veneto 11242
57%
Carrara Massa-Carrara Toscana 60833
57%
Carro Spezia Liguria 518
57%
Casalecchio di Reno Bologna Emilia-Romagna 36052
57%
Cascia Perugia Umbria 2977
57%
Cava de' Tirreni Salerno Campania 51257
57%
Cesenatico Forlì-Cesena Emilia-Romagna 25992
57%
Collegno Torino Piemonte 48747
57%
Caltagirone Catania Sicilia 36241
52%
Castelfidardo Ancona Marche 18517
52%
Castelfranco Veneto Treviso Veneto 33357
52%
Castiglione della Pescaia Grosseto Toscana 7134
52%
Cecina Livorno Toscana 27982
52%
Cervia Ravenna Emilia-Romagna 28774
52%
Chiavenna Sondrio Lombardia 7144
52%
Chieri Torino Piemonte 36001
52%
Cittadella Padova Veneto 20072
52%
Città di Castello Perugia Umbria 38657
52%
Civitanova Marche Macerata Marche 41894
52%
Caivano Napoli Campania 35908
48%
Calenzano Firenze Toscana 18420
48%
Capranica Viterbo Lazio 6357
48%
Casarano Lecce Puglia 19404
48%
Castelfranco Emilia Modena Emilia-Romagna 32908
48%
Castel San Pietro Terme Bologna Emilia-Romagna 20786
48%
Castelvetrano Trapani Sicilia 29855
48%
Cattolica Rimini Emilia-Romagna 16723
48%
Cernusco sul Naviglio Milano Lombardia 35012
48%
Conegliano Treviso Veneto 34480
48%
Corato Bari Puglia 47316
48%
Caltabellotta Agrigento Sicilia 3310
43%
Campagna Salerno Campania 16423
43%
Carini Palermo Sicilia 38405
43%
Cascina Pisa Toscana 45005
43%
Castelnuovo Trento Trentino-Alto Adige 1066
43%
Castrovillari Cosenza Calabria 21088
43%
Cave Roma Lazio 10728
43%
Ceccano Frosinone Lazio 22610
43%
Certaldo Firenze Toscana 15632
43%
Ciampino Roma Lazio 38675
43%
Cirié Torino Piemonte 18083
43%
Cirò Crotone Calabria 2560
43%
Civita Castellana Viterbo Lazio 15455
43%
Civitavecchia Roma Lazio 52069
43%
Codogno Lodi Lombardia 15548
43%
Cogne Aosta Valle d'Aosta 1343
43%
Cologno Monzese Milano Lombardia 47208
43%
Comacchio Ferrara Emilia-Romagna 22081
43%
Conversano Bari Puglia 25801
43%
Corigliano-Rossano Cosenza Calabria 74129
43%
Courmayeur Aosta Valle d'Aosta 2734
43%
Calci Pisa Toscana 6372
39%
Campitello di Fassa Trento Trentino-Alto Adige 709
39%
Camponogara Venezia Veneto 13036
39%
Canale Cuneo Piemonte 5512
39%
Capo d'Orlando Messina Sicilia 13034
39%
Capracotta Isernia Molise 821
39%
Carrè Vicenza Veneto 3532
39%
Castellabate Salerno Campania 8624
39%
Castellana Grotte Bari Puglia 19323
39%
Castel Volturno Caserta Campania 26737
39%
Cefalù Palermo Sicilia 13877
39%
Cerveteri Roma Lazio 37504
39%
Chiusa Bolzano Trentino-Alto Adige 5178
39%
Chiusi Siena Toscana 8124
39%
Cirò Marina Crotone Calabria 13833
39%
Cisterna di Latina Latina Lazio 36481
39%
Città della Pieve Perugia Umbria 7571
39%
Cividale del Friuli Udine Friuli-Venezia Giulia 10969
39%
Cles Trento Trentino-Alto Adige 7155
39%
Corinaldo Ancona Marche 4848
39%
Crevalcore Bologna Emilia-Romagna 13675
39%
Cutro Crotone Calabria 9465
39%
Campi Bisenzio Firenze Toscana 47871
35%
Campione d'Italia Como Lombardia 1779
35%
Canossa Reggio Emilia Emilia-Romagna 3676
35%
Capaci Palermo Sicilia 11283
35%
Casabona Crotone Calabria 2403
35%
Castellaneta Taranto Puglia 16488
35%
Casto Brescia Lombardia 1637
35%
Castrocaro Terme e Terra del Sole Forlì-Cesena Emilia-Romagna 6264
35%
Chiaravalle Ancona Marche 14389
35%
Chivasso Torino Piemonte 26497
35%
Cogoleto Genova Liguria 8737
35%
Collecchio Parma Emilia-Romagna 14634
35%
Corleone Palermo Sicilia 10580
35%
Correggio Reggio Emilia Emilia-Romagna 24966
35%
Cortina d'Ampezzo Belluno Veneto 5669
35%
Curtatone Mantova Lombardia 14728
35%
Caccamo Palermo Sicilia 7827
30%
Calcio Bergamo Lombardia 5389
30%
Caldogno Vicenza Veneto 11328
30%
Cameri Novara Piemonte 10708
30%
Canale Monterano Roma Lazio 4128
30%
Cantalupo in Sabina Rieti Lazio 1634
30%
Capalbio Grosseto Toscana 3914
30%
Caprarola Viterbo Lazio 5265
30%
Caravaggio Bergamo Lombardia 16170
30%
Cariati Cosenza Calabria 7496
30%
Carpineto Romano Roma Lazio 4141
30%
Castro dei Volsci Frosinone Lazio 4483
30%
Celano L'Aquila Abruzzo 10431
30%
Ceprano Frosinone Lazio 8408
30%
Cesana Torinese Torino Piemonte 913
30%
Chianciano Terme Siena Toscana 6813
30%
Chiari Brescia Lombardia 19094
30%
Colonna Roma Lazio 4224
30%
Corsico Milano Lombardia 34601
30%
Cortona Arezzo Toscana 21413
30%
Cropani Catanzaro Calabria 4649
30%
Cairo Montenotte Savona Liguria 12691
26%
Cambiago Milano Lombardia 7113
26%
Camerino Macerata Marche 6312
26%
Canosa di Puglia Barletta-Andria-Trani Puglia 28422
26%
Capannori Lucca Toscana 46389
26%
Capistrello L'Aquila Abruzzo 4889
26%
Capua Caserta Campania 17657
26%
Carate Brianza Monza e della Brianza Lombardia 17824
26%
Carloforte Sulcis Igleisente Sardegna 5960
26%
Carrù Cuneo Piemonte 4313
26%
Casalpusterlengo Lodi Lombardia 15213
26%
Casamicciola Terme Napoli Campania 7802
26%
Cassacco Udine Friuli-Venezia Giulia 2844
26%
Castelfiorentino Firenze Toscana 17437
26%
Castel Maggiore Bologna Emilia-Romagna 18631
26%
Castiglione del Lago Perugia Umbria 15160
26%
Cavriago Reggio Emilia Emilia-Romagna 9828
26%
Cisternino Brindisi Puglia 11252
26%
Coli Piacenza Emilia-Romagna 853
26%
Collio Brescia Lombardia 2056
26%
Copertino Lecce Puglia 23227
26%
Cormano Milano Lombardia 20317
26%
Cormons Gorizia Friuli-Venezia Giulia 7250
26%
Corvara Pescara Abruzzo 218
26%
Cusano Milanino Milano Lombardia 18787
26%
Calcinate Bergamo Lombardia 6071
22%
Calvi Benevento Campania 2525
22%
Cammarata Agrigento Sicilia 5930
22%
Campiglia Marittima Livorno Toscana 12585
22%
Campodarsego Padova Veneto 14780
22%
Caorso Piacenza Emilia-Romagna 4740
22%
Capena Roma Lazio 10695
22%
Capodimonte Viterbo Lazio 1647
22%
Carmagnola Torino Piemonte 28399
22%
Carsoli L'Aquila Abruzzo 5130
22%
Casalmaggiore Cremona Lombardia 15022
22%
Cassano d'Adda Milano Lombardia 19151
22%
Castel di Sangro L'Aquila Abruzzo 6533
22%
Castellanza Varese Lombardia 14328
22%
Cavallino Lecce Puglia 12766
22%
Cellino San Marco Brindisi Puglia 6227
22%
Cernobbio Como Lombardia 6498
22%
Cerva Catanzaro Calabria 1130
22%
Cesano Boscone Milano Lombardia 23686
22%
Cesano Maderno Monza e della Brianza Lombardia 38983
22%
Cinisi Palermo Sicilia 11827
22%
Codroipo Udine Friuli-Venezia Giulia 15909
22%
Caglio Como Lombardia 498
17%
Calatafimi Segesta Trapani Sicilia 5955
17%
Calcata Viterbo Lazio 894
17%
Calcinaia Pisa Toscana 12700
17%
Caldonazzo Trento Trentino-Alto Adige 3855
17%
Calvisano Brescia Lombardia 8369
17%
Cardano al Campo Varese Lombardia 14780
17%
Carmignano Prato Toscana 15098
17%
Carugate Milano Lombardia 15581
17%
Casal di Principe Caserta Campania 21077
17%
Castano Primo Milano Lombardia 10980
17%
Castel Gandolfo Roma Lazio 8585
17%
Castelli Teramo Abruzzo 990
17%
Castiglione delle Stiviere Mantova Lombardia 23483
17%
Cerea Verona Veneto 16644
17%
Cermenate Como Lombardia 9199
17%
Cesio Imperia Liguria 273
17%
Châtillon Aosta Valle d'Aosta 4299
17%
Coccaglio Brescia Lombardia 8716
17%
Colico Lecco Lombardia 7970
17%
Concorezzo Monza e della Brianza Lombardia 15770
17%
Corbetta Milano Lombardia 18600
17%
Corciano Perugia Umbria 21391
17%
Cordenons Pordenone Friuli-Venezia Giulia 18067
17%
Cornaredo Milano Lombardia 20590
17%
Cossato Biella Piemonte 14070
17%
Costigliole d'Asti Asti Piemonte 5682
17%
Cuorgnè Torino Piemonte 9413
17%
Cusio Bergamo Lombardia 216
17%
Cabella Ligure Alessandria Piemonte 482
13%
Cabiate Como Lombardia 7416
13%
Caccuri Crotone Calabria 1572
13%
Cadoneghe Padova Veneto 15972
13%
Caerano di San Marco Treviso Veneto 7899
13%
Caianello Caserta Campania 1754
13%
Caino Brescia Lombardia 2114
13%
Calalzo di Cadore Belluno Veneto 1906
13%
Calamonaci Agrigento Sicilia 1203
13%
Calascibetta Enna Sicilia 4169
13%
Calcinato Brescia Lombardia 13004
13%
Calco Lecco Lombardia 5369
13%
Caldaro sulla Strada del Vino Bolzano Trentino-Alto Adige 8113
13%
Calderara di Reno Bologna Emilia-Romagna 13479
13%
Caldiero Verona Veneto 7892
13%
Calice Ligure Savona Liguria 1682
13%
Calolziocorte Lecco Lombardia 13592
13%
Caltavuturo Palermo Sicilia 3663
13%
Calusco d'Adda Bergamo Lombardia 8210
13%
Calvagese della Riviera Brescia Lombardia 3585
13%
Camastra Agrigento Sicilia 1910
13%
Camerano Ancona Marche 7160
13%
Camerota Salerno Campania 6859
13%
Camisano Cremona Lombardia 1213
13%
Camisano Vicentino Vicenza Veneto 11174
13%
Campagna Lupia Venezia Veneto 7157
13%
Campagnano di Roma Roma Lazio 10990
13%
Campegine Reggio Emilia Emilia-Romagna 5292
13%
Campobello di Licata Agrigento Sicilia 9260
13%
Campobello di Mazara Trapani Sicilia 11411
13%
Campodoro Padova Veneto 2613
13%
Campogalliano Modena Emilia-Romagna 8605
13%
Campo Ligure Genova Liguria 2816
13%
Campolongo Maggiore Venezia Veneto 10689
13%
Campomarino Campobasso Molise 7629
13%
Campo San Martino Padova Veneto 5683
13%
Campo Tures Bolzano Trentino-Alto Adige 5612
13%
Canazei Trento Trentino-Alto Adige 2015
13%
Canino Viterbo Lazio 5122
13%
Canterano Roma Lazio 349
13%
Capaccio Paestum Salerno Campania 22276
13%
Caprino Veronese Verona Veneto 8502
13%
Capurso Bari Puglia 15357
13%
Carbone Potenza Basilicata 550
13%
Carovigno Brindisi Puglia 16761
13%
Carpenedolo Brescia Lombardia 12968
13%
Casalnuovo di Napoli Napoli Campania 47489
13%
Casamassima Bari Puglia 19537
13%
Casape Roma Lazio 662
13%
Casapesenna Caserta Campania 6816
13%
Casarsa della Delizia Pordenone Friuli-Venezia Giulia 8257
13%
Casella Genova Liguria 3110
13%
Cassola Vicenza Veneto 15043
13%
Castagneto Carducci Livorno Toscana 8792
13%
Castel di Casio Bologna Emilia-Romagna 3307
13%
Castellammare del Golfo Trapani Sicilia 14529
13%
Castelnuovo del Garda Verona Veneto 13300
13%
Castelnuovo di Porto Roma Lazio 8423
13%
Castelrotto Bolzano Trentino-Alto Adige 7057
13%
Castelsardo Sassari Sardegna 5687
13%
Castiglion Fiorentino Arezzo Toscana 13012
13%
Castronno Varese Lombardia 5042
13%
Cavalese Trento Trentino-Alto Adige 4041
13%
Cavallino-Treporti Venezia Veneto 13395
13%
Cavarzere Venezia Veneto 13181
13%
Cavenago di Brianza Monza e della Brianza Lombardia 7389
13%
Cene Bergamo Lombardia 4105
13%
Ceres Torino Piemonte 1032
13%
Certosa di Pavia Pavia Lombardia 5407
13%
Cervino Caserta Campania 4818
13%
Cesate Milano Lombardia 14276
13%
Ceto Brescia Lombardia 1793
13%
Cevo Brescia Lombardia 831
13%
Chiesina Uzzanese Pistoia Toscana 4505
13%
Cicciano Napoli Campania 12334
13%
Citerna Perugia Umbria 3419
13%
Civitella Alfedena L'Aquila Abruzzo 285
13%
Codigoro Ferrara Emilia-Romagna 11297
13%
Colle di Val d'Elsa Siena Toscana 21752
13%
Comiso Ragusa Sicilia 29978
13%
Condofuri Reggio Calabria Calabria 4712
13%
Corchiano Viterbo Lazio 3574
13%
Cornate d'Adda Monza e della Brianza Lombardia 10674
13%
Cupra Marittima Ascoli Piceno Marche 5355
13%
Curno Bergamo Lombardia 7495
13%
Caderzone Terme Trento Trentino-Alto Adige 681
9%
Cadorago Como Lombardia 7957
9%
Cafasse Torino Piemonte 3334
9%
Caggiano Salerno Campania 2577
9%
Caiazzo Caserta Campania 5210
9%
Cairate Varese Lombardia 7687
9%
Calasetta Sulcis Iglesiente Sardegna 2803
9%
Calciano Matera Basilicata 678
9%
Caldes Trento Trentino-Alto Adige 1094
9%
Calimera Lecce Puglia 6794
9%
Calliano Trento Trentino-Alto Adige 1226
9%
Calosso Asti Piemonte 1171
9%
Calto Rovigo Veneto 683
9%
Caltrano Vicenza Veneto 2508
9%
Calvatone Cremona Lombardia 1165
9%
Calvello Potenza Basilicata 1775
9%
Calvene Vicenza Veneto 1285
9%
Calvenzano Bergamo Lombardia 4264
9%
Cambiano Torino Piemonte 5915
9%
Camerana Cuneo Piemonte 578
9%
Camerata Nuova Roma Lazio 403
9%
Camerata Picena Ancona Marche 2525
9%
Camino Alessandria Piemonte 728
9%
Camino al Tagliamento Udine Friuli-Venezia Giulia 1558
9%
Campagnatico Grosseto Toscana 2378
9%
Campiglia dei Berici Vicenza Veneto 1666
9%
Campi Salentina Lecce Puglia 9910
9%
Campli Teramo Abruzzo 6714
9%
Campo Calabro Reggio Calabria Calabria 4473
9%
Campochiaro Campobasso Molise 599
9%
Campo di Giove L'Aquila Abruzzo 780
9%
Campodipietra Campobasso Molise 2444
9%
Campodolcino Sondrio Lombardia 922
9%
Campolieto Campobasso Molise 817
9%
Campomaggiore Potenza Basilicata 746
9%
Campo nell'Elba Livorno Toscana 4710
9%
Campora Salerno Campania 359
9%
Camposampiero Padova Veneto 11874
9%
Camposanto Modena Emilia-Romagna 3192
9%
Campotosto L'Aquila Abruzzo 464
9%
Canda Rovigo Veneto 878
9%
Candiana Padova Veneto 2243
9%
Canegrate Milano Lombardia 12466
9%
Canelli Asti Piemonte 10212
9%
Canicattini Bagni Siracusa Sicilia 6639
9%
Canneto sull'Oglio Mantova Lombardia 4194
9%
Canzo Como Lombardia 5182
9%
Capo di Ponte Brescia Lombardia 2379
9%
Capoliveri Livorno Toscana 3857
9%
Capraia e Limite Firenze Toscana 7856
9%
Capraia Isola Livorno Toscana 391
9%
Capralba Cremona Lombardia 2271
9%
Capranica Prenestina Roma Lazio 316
9%
Caprese Michelangelo Arezzo Toscana 1361
9%
Capriano del Colle Brescia Lombardia 4643
9%
Capriate San Gervasio Bergamo Lombardia 8160
9%
Caprile Biella Piemonte 186
9%
Capriolo Brescia Lombardia 9432
9%
Cardè Cuneo Piemonte 1138
9%
Cardito Napoli Campania 21598
9%
Carignano Torino Piemonte 9051
9%
Carlino Udine Friuli-Venezia Giulia 2728
9%
Caronia Messina Sicilia 3097
9%
Caronno Pertusella Varese Lombardia 18035
9%
Carpaneto Piacentino Piacenza Emilia-Romagna 7640
9%
Carpiano Milano Lombardia 4153
9%
Cartura Padova Veneto 4561
9%
Casalbordino Chieti Abruzzo 5808
9%
Casalbore Avellino Campania 1626
9%
Casale di Scodosia Padova Veneto 4781
9%
Casaleone Verona Veneto 5562
9%
Casalino Novara Piemonte 1526
9%
Casalserugo Padova Veneto 5330
9%
Casamarciano Napoli Campania 3112
9%
Casavatore Napoli Campania 18146
9%
Caselle Torinese Torino Piemonte 13749
9%
Casina Reggio Emilia Emilia-Romagna 4455
9%
Casole d'Elsa Siena Toscana 3720
9%
Casorezzo Milano Lombardia 5513
9%
Cassano delle Murge Bari Puglia 14805
9%
Cassine Alessandria Piemonte 2860
9%
Castegnato Brescia Lombardia 8364
9%
Castelcovati Brescia Lombardia 6683
9%
Castel d'Azzano Verona Veneto 11970
9%
Castel del Monte L'Aquila Abruzzo 450
9%
Castelforte Latina Lazio 4172
9%
Castel Goffredo Mantova Lombardia 12628
9%
Castelgomberto Vicenza Veneto 6122
9%
Castel Guelfo di Bologna Bologna Emilia-Romagna 4529
9%
Castell'Arquato Piacenza Emilia-Romagna 4548
9%
Castelleone Cremona Lombardia 9292
9%
Castel Madama Roma Lazio 7133
9%
Castelmagno Cuneo Piemonte 59
9%
Castel Mella Brescia Lombardia 10999
9%
Castelnovo Bariano Rovigo Veneto 2624
9%
Castelnovo ne' Monti Reggio Emilia Emilia-Romagna 10360
9%
Castelnuovo di Garfagnana Lucca Toscana 5685
9%
Castelnuovo Don Bosco Asti Piemonte 3079
9%
Castel San Pietro Romano Roma Lazio 839
9%
Castel Sant'Angelo Rieti Lazio 1209
9%
Castelverde Cremona Lombardia 5583
9%
Castelvetro Piacentino Piacenza Emilia-Romagna 5223
9%
Castenaso Bologna Emilia-Romagna 15870
9%
Castenedolo Brescia Lombardia 11530
9%
Castiglione dei Pepoli Bologna Emilia-Romagna 5418
9%
Castiglione di Garfagnana Lucca Toscana 1700
9%
Castiglione di Sicilia Catania Sicilia 2969
9%
Castrezzato Brescia Lombardia 7459
9%
Castronovo di Sicilia Palermo Sicilia 2880
9%
Catenanuova Enna Sicilia 4519
9%
Cavaion Veronese Verona Veneto 6036
9%
Cavour Torino Piemonte 5385
9%
Cazzago San Martino Brescia Lombardia 10839
9%
Cazzano di Tramigna Verona Veneto 1520
9%
Cedegolo Brescia Lombardia 1096
9%
Ceglie Messapica Brindisi Puglia 18991
9%
Cellatica Brescia Lombardia 4901
9%
Celle Ligure Savona Liguria 4982
9%
Cenate Sopra Bergamo Lombardia 2528
9%
Cenate Sotto Bergamo Lombardia 3913
9%
Ceneselli Rovigo Veneto 1583
9%
Centro Valle Intelvi Como Lombardia 3554
9%
Ceriale Savona Liguria 5375
9%
Cerro al Lambro Milano Lombardia 5093
9%
Cerveno Brescia Lombardia 652
9%
Cervignano del Friuli Udine Friuli-Venezia Giulia 13560
9%
Cervo Imperia Liguria 1129
9%
Cesiomaggiore Belluno Veneto 3925
9%
Cessalto Treviso Veneto 3833
9%
Ceva Cuneo Piemonte 5592
9%
Chiampo Vicenza Veneto 12574
9%
Chiesa in Valmalenco Sondrio Lombardia 2370
9%
Chies d'Alpago Belluno Veneto 1262
9%
Chignolo d'Isola Bergamo Lombardia 3390
9%
Cimbergo Brescia Lombardia 534
9%
Cino Sondrio Lombardia 333
9%
Cinzano Torino Piemonte 321
9%
Ciserano Bergamo Lombardia 5458
9%
Cislago Varese Lombardia 10328
9%
Cisliano Milano Lombardia 4929
9%
Cividate al Piano Bergamo Lombardia 5029
9%
Cividate Camuno Brescia Lombardia 2725
9%
Clusone Bergamo Lombardia 8537
9%
Cogollo del Cengio Vicenza Veneto 3157
9%
Collebeato Brescia Lombardia 4538
9%
Colle Umberto Treviso Veneto 5067
9%
Cologne Brescia Lombardia 7517
9%
Colognola ai Colli Verona Veneto 8798
9%
Colorno Parma Emilia-Romagna 9008
9%
Comezzano-Cizzago Brescia Lombardia 4009
9%
Comun Nuovo Bergamo Lombardia 4393
9%
Cona Venezia Veneto 2875
9%
Concamarise Verona Veneto 1102
9%
Concesio Brescia Lombardia 15644
9%
Contrada Avellino Campania 2961
9%
Coriano Rimini Emilia-Romagna 10503
9%
Cornuda Treviso Veneto 6293
9%
Corropoli Teramo Abruzzo 5145
9%
Cortemaggiore Piacenza Emilia-Romagna 4614
9%
Corteno Golgi Brescia Lombardia 1909
9%
Cortino Teramo Abruzzo 596
9%
Costa di Rovigo Rovigo Veneto 2443
9%
Costa Volpino Bergamo Lombardia 8953
9%
Costermano sul Garda Verona Veneto 3873
9%
Crespadoro Vicenza Veneto 1280
9%
Crespino Rovigo Veneto 1747
9%
Cressa Novara Piemonte 1619
9%
Crispiano Taranto Puglia 13271
9%
Crodo Verbano-Cusio-Ossola Piemonte 1406
9%
Curon Venosta Bolzano Trentino-Alto Adige 2322
9%
Cusago Milano Lombardia 4315
9%
Cabras Oristano Sardegna 8843
4%
Cadegliano Viconago Varese Lombardia 2120
4%
Cadelbosco di Sopra Reggio Emilia Emilia-Romagna 10704
4%
Cadeo Piacenza Emilia-Romagna 5911
4%
Cadrezzate con Osmate Varese Lombardia 2638
4%
Cagnano Amiterno L'Aquila Abruzzo 1190
4%
Cagnano Varano Foggia Puglia 6711
4%
Caines Bolzano Trentino-Alto Adige 389
4%
Caiolo Sondrio Lombardia 1056
4%
Cairano Avellino Campania 281
4%
Calabritto Avellino Campania 2161
4%
Calamandrana Asti Piemonte 1663
4%
Calangianus Gallura Nord-Est Sardegna Sardegna 3854
4%
Calanna Reggio Calabria Calabria 799
4%
Calasca-Castiglione Verbano-Cusio-Ossola Piemonte 567
4%
Calascio L'Aquila Abruzzo 128
4%
Calatabiano Catania Sicilia 5133
4%
Calceranica al Lago Trento Trentino-Alto Adige 1376
4%
Caldarola Macerata Marche 1684
4%
Calendasco Piacenza Emilia-Romagna 2407
4%
Calestano Parma Emilia-Romagna 2049
4%
Calice al Cornoviglio Spezia Liguria 1058
4%
Calitri Avellino Campania 4341
4%
Calizzano Savona Liguria 1426
4%
Callabiana Biella Piemonte 139
4%
Calliano Monferrato Asti Piemonte 1235
4%
Calopezzati Cosenza Calabria 1310
4%
Caloveto Cosenza Calabria 1152
4%
Caltignaga Novara Piemonte 2504
4%
Caluso Torino Piemonte 7344
4%
Calvanico Salerno Campania 1388
4%
Calvera Potenza Basilicata 361
4%
Calvi dell'Umbria Terni Umbria 1693
4%
Calvignano Pavia Lombardia 110
4%
Calvignasco Milano Lombardia 1240
4%
Calvi Risorta Caserta Campania 5524
4%
Calvizzano Napoli Campania 12204
4%
Camagna Monferrato Alessandria Piemonte 467
4%
Camandona Biella Piemonte 314
4%
Cambiasca Verbano-Cusio-Ossola Piemonte 1569
4%
Camburzano Biella Piemonte 1112
4%
Camerano Casasco Asti Piemonte 405
4%
Camerata Cornello Bergamo Lombardia 573
4%
Camigliano Caserta Campania 1975
4%
Camini Reggio Calabria Calabria 778
4%
Campagnola Cremasca Cremona Lombardia 678
4%
Campagnola Emilia Reggio Emilia Emilia-Romagna 5635
4%
Campana Cosenza Calabria 1546
4%
Camparada Monza e della Brianza Lombardia 2166
4%
Campello sul Clitunno Perugia Umbria 2361
4%
Campertogno Vercelli Piemonte 214
4%
Campiglia Cervo Biella Piemonte 506
4%
Campiglione-Fenile Torino Piemonte 1297
4%
Campodenno Trento Trentino-Alto Adige 1520
4%
Campodimele Latina Lazio 587
4%
Campo di Trens Bolzano Trentino-Alto Adige 2718
4%
Campofelice di Fitalia Palermo Sicilia 473
4%
Campofelice di Roccella Palermo Sicilia 7511
4%
Campofilone Fermo Marche 1896
4%
Campofiorito Palermo Sicilia 1181
4%
Campoformido Udine Friuli-Venezia Giulia 7863
4%
Campofranco Caltanissetta Sicilia 2758
4%
Campolattaro Benevento Campania 983
4%
Campoli Appennino Frosinone Lazio 1596
4%
Campoli del Monte Taburno Benevento Campania 1599
4%
Campolongo Tapogliano Udine Friuli-Venezia Giulia 1130
4%
Campomorone Genova Liguria 6488
4%
Camporeale Palermo Sicilia 3029
4%
Camporgiano Lucca Toscana 2062
4%
Camporosso Imperia Liguria 5474
4%
Camporotondo di Fiastrone Macerata Marche 511
4%
Camporotondo Etneo Catania Sicilia 5149
4%
Camposano Napoli Campania 5111
4%
Campospinoso Albaredo Pavia Lombardia 1092
4%
Camugnano Bologna Emilia-Romagna 1800
4%
Canale d'Agordo Belluno Veneto 1085
4%
Canal San Bovo Trento Trentino-Alto Adige 1457
4%
Canaro Rovigo Veneto 2620
4%
Candela Foggia Puglia 2574
4%
Candia Canavese Torino Piemonte 1219
4%
Candida Avellino Campania 1100
4%
Candidoni Reggio Calabria Calabria 418
4%
Cannalonga Salerno Campania 990
4%
Canneto Pavese Pavia Lombardia 1330
4%
Cannobio Verbano-Cusio-Ossola Piemonte 5029
4%
Cannole Lecce Puglia 1631
4%
Canolo Reggio Calabria Calabria 700
4%
Cantagallo Prato Toscana 3102
4%
Cantalice Rieti Lazio 2481
4%
Cantalupa Torino Piemonte 2574
4%
Cantalupo nel Sannio Isernia Molise 733
4%
Cantiano Pesaro e Urbino Marche 2021
4%
Capannoli Pisa Toscana 6363
4%
Capestrano L'Aquila Abruzzo 858
4%
Capistrano Vibo Valentia Calabria 984
4%
Capitignano L'Aquila Abruzzo 629
4%
Capizzi Messina Sicilia 2918
4%
Capolona Arezzo Toscana 5211
4%
Caponago Monza e della Brianza Lombardia 5105
4%
Cappella Maggiore Treviso Veneto 4651
4%
Caprarica di Lecce Lecce Puglia 2337
4%
Capriati a Volturno Caserta Campania 1482
4%
Capriglia Irpina Avellino Campania 2242
4%
Capri Leone Messina Sicilia 4293
4%
Caprino Bergamasco Bergamo Lombardia 3038
4%
Caramagna Piemonte Cuneo Piemonte 3032
4%
Carate Urio Como Lombardia 1122
4%
Carbonara di Nola Napoli Campania 2464
4%
Carbonera Treviso Veneto 11238
4%
Carcare Savona Liguria 5295
4%
Cardeto Reggio Calabria Calabria 1372
4%
Cardinale Catanzaro Calabria 1828
4%
Careggine Lucca Toscana 522
4%
Carema Torino Piemonte 739
4%
Carenno Lecco Lombardia 1388
4%
Carezzano Alessandria Piemonte 420
4%
Carfizzi Crotone Calabria 531
4%
Carife Avellino Campania 1306
4%
Carinaro Caserta Campania 7126
4%
Carinola Caserta Campania 7318
4%
Carisolo Trento Trentino-Alto Adige 950
4%
Carlentini Siracusa Sicilia 17152
4%
Carlopoli Catanzaro Calabria 1406
4%
Carmiano Lecce Puglia 11733
4%
Carmignano di Brenta Padova Veneto 7494
4%
Carnago Varese Lombardia 6591
4%
Carnate Monza e della Brianza Lombardia 7516
4%
Carobbio degli Angeli Bergamo Lombardia 4730
4%
Carolei Cosenza Calabria 3138
4%
Caronno Varesino Varese Lombardia 4787
4%
Carosino Taranto Puglia 6677
4%
Carpegna Pesaro e Urbino Marche 1608
4%
Carpeneto Alessandria Piemonte 913
4%
Carpineti Reggio Emilia Emilia-Romagna 3877
4%
Carpino Foggia Puglia 3867
4%
Carrega Ligure Alessandria Piemonte 88
4%
Cartigliano Vicenza Veneto 3723
4%
Cartosio Alessandria Piemonte 724
4%
Carugo Como Lombardia 6564
4%
Casacalenda Campobasso Molise 1913
4%
Casagiove Caserta Campania 12983
4%
Casalanguida Chieti Abruzzo 876
4%
Casalattico Frosinone Lazio 535
4%
Casalborgone Torino Piemonte 1862
4%
Casalbuono Salerno Campania 1077
4%
Casalbuttano ed Uniti Cremona Lombardia 3692
4%
Casalduni Benevento Campania 1242
4%
Casaleggio Novara Novara Piemonte 905
4%
Casale sul Sile Treviso Veneto 13149
4%
Casaletto Lodigiano Lodi Lombardia 2942
4%
Casaletto Spartano Salerno Campania 1294
4%
Casalfiumanese Bologna Emilia-Romagna 3373
4%
Casalgrande Reggio Emilia Emilia-Romagna 18946
4%
Casali del Manco Cosenza Calabria 9612
4%
Casalmaiocco Lodi Lombardia 3176
4%
Casalnuovo Monterotaro Foggia Puglia 1395
4%
Casalromano Mantova Lombardia 1472
4%
Casaluce Caserta Campania 9442
4%
Casalvecchio di Puglia Foggia Puglia 1701
4%
Casal Velino Salerno Campania 5341
4%
Casalvieri Frosinone Lazio 2383
4%
Casandrino Napoli Campania 13397
4%
Casapulla Caserta Campania 8317
4%
Casatisma Pavia Lombardia 882
4%
Casciago Varese Lombardia 3613
4%
Caselle in Pittari Salerno Campania 1855
4%
Casier Treviso Veneto 11335
4%
Casirate d'Adda Bergamo Lombardia 4057
4%
Casnate con Bernate Como Lombardia 4990
4%
Casnigo Bergamo Lombardia 3108
4%
Casola di Napoli Napoli Campania 3723
4%
Casoli Chieti Abruzzo 5305
4%
Casorate Sempione Varese Lombardia 5648
4%
Cassago Brianza Lecco Lombardia 4388
4%
Cassano Irpino Avellino Campania 920
4%
Cassano Magnago Varese Lombardia 21385
4%
Cassaro Siracusa Sicilia 729
4%
Cassina de' Pecchi Milano Lombardia 13920
4%
Cassina Rizzardi Como Lombardia 3338
4%
Cassinelle Alessandria Piemonte 852
4%
Cassinetta di Lugagnano Milano Lombardia 1853
4%
Castagnaro Verona Veneto 3635
4%
Casteggio Pavia Lombardia 6552
4%
Castegnero Nanto Vicenza Veneto 5853
4%
Castelbaldo Padova Veneto 1446
4%
Castel Baronia Avellino Campania 1066
4%
Castelbellino Ancona Marche 4956
4%
Castel Boglione Asti Piemonte 583
4%
Castel Bolognese Ravenna Emilia-Romagna 9549
4%
Castel Campagnano Caserta Campania 1478
4%
Castelcivita Salerno Campania 1507
4%
Casteldaccia Palermo Sicilia 11586
4%
Castel del Rio Bologna Emilia-Romagna 1189
4%
Castel di Sasso Caserta Campania 1064
4%
Castelfranci Avellino Campania 1862
4%
Castelfranco in Miscano Benevento Campania 845
4%
Castelgrande Potenza Basilicata 841
4%
Castelguglielmo Rovigo Veneto 1521
4%
Castelguidone Chieti Abruzzo 327
4%
Castel Ivano Trento Trentino-Alto Adige 3277
4%
Castellamonte Torino Piemonte 9667
4%
Castellarano Reggio Emilia Emilia-Romagna 15364
4%
Castellaro Imperia Liguria 1222
4%
Castell'Azzara Grosseto Toscana 1350
4%
Castelleone di Suasa Ancona Marche 1597
4%
Castellero Asti Piemonte 294
4%
Castelli Calepio Bergamo Lombardia 10394
4%
Castellino del Biferno Campobasso Molise 460
4%
Castelliri Frosinone Lazio 3256
4%
Castello d'Argile Bologna Emilia-Romagna 6554
4%
Castello del Matese Caserta Campania 1403
4%
Castello di Brianza Lecco Lombardia 2601
4%
Castello di Cisterna Napoli Campania 7756
4%
Castello di Godego Treviso Veneto 7123
4%
Castellucchio Mantova Lombardia 5176
4%
Castelluccio dei Sauri Foggia Puglia 2009
4%
Castelluccio Inferiore Potenza Basilicata 1955
4%
Castelluccio Superiore Potenza Basilicata 739
4%
Castelluccio Valmaggiore Foggia Puglia 1218
4%
Castell'Umberto Messina Sicilia 2872
4%
Castelmezzano Potenza Basilicata 744
4%
Castel Morrone Caserta Campania 3644
4%
Castelnovo di Sotto Reggio Emilia Emilia-Romagna 8415
4%
Castelnuovo Belbo Asti Piemonte 813
4%
Castelnuovo Bormida Alessandria Piemonte 626
4%
Castelnuovo Cilento Salerno Campania 2799
4%
Castelnuovo di Conza Salerno Campania 596
4%
Castelnuovo di Farfa Rieti Lazio 994
4%
Castelnuovo Nigra Torino Piemonte 416
4%
Castelnuovo Rangone Modena Emilia-Romagna 15081
4%
Castelplanio Ancona Marche 3465
4%
Castelraimondo Macerata Marche 4364
4%
Castel Rocchero Asti Piemonte 394
4%
Castel San Giorgio Salerno Campania 13606
4%
Castel San Giovanni Piacenza Emilia-Romagna 13813
4%
Castel San Lorenzo Salerno Campania 2263
4%
Castelsantangelo sul Nera Macerata Marche 241
4%
Castel Sant'Elia Viterbo Lazio 2477
4%
Castel San Vincenzo Isernia Molise 474
4%
Castelsaraceno Potenza Basilicata 1243
4%
Castelsilano Crotone Calabria 899
4%
Casteltermini Agrigento Sicilia 7473
4%
Castelvecchio Subequo L'Aquila Abruzzo 850
4%
Castelvenere Benevento Campania 2545
4%
Castelvetere in Val Fortore Benevento Campania 1056
4%
Castelvetere sul Calore Avellino Campania 1532
4%
Castelvetro di Modena Modena Emilia-Romagna 11284
4%
Castel Viscardo Terni Umbria 2758
4%
Castiglione Chiavarese Genova Liguria 1579
4%
Castiglione Cosentino Cosenza Calabria 2656
4%
Castiglione d'Adda Lodi Lombardia 4502
4%
Castiglione del Genovesi Salerno Campania 1301
4%
Castiglione Olona Varese Lombardia 7635
4%
Castino Cuneo Piemonte 463
4%
Castione della Presolana Bergamo Lombardia 3361
4%
Castorano Ascoli Piceno Marche 2270
4%
Castri di Lecce Lecce Puglia 2779
4%
Castrignano de' Greci Lecce Puglia 3736
4%
Castrignano del Capo Lecce Puglia 5133
4%
Castrocielo Frosinone Lazio 3841
4%
Castrofilippo Agrigento Sicilia 2646
4%
Castrolibero Cosenza Calabria 9398
4%
Castronuovo di Sant'Andrea Potenza Basilicata 943
4%
Cattolica Eraclea Agrigento Sicilia 3364
4%
Caulonia Reggio Calabria Calabria 6749
4%
Cautano Benevento Campania 1931
4%
Cavaso del Tomba Treviso Veneto 2863
4%
Cavedago Trento Trentino-Alto Adige 545
4%
Cavedine Trento Trentino-Alto Adige 3003
4%
Cavezzo Modena Emilia-Romagna 6960
4%
Cavriana Mantova Lombardia 3761
4%
Cavriglia Arezzo Toscana 9447
4%
Ceggia Venezia Veneto 6104
4%
Celenza Valfortore Foggia Puglia 1426
4%
Cella Dati Cremona Lombardia 486
4%
Cellamare Bari Puglia 5766
4%
Celle di Bulgheria Salerno Campania 1774
4%
Celle di San Vito Foggia Puglia 152
4%
Cellino Attanasio Teramo Abruzzo 2320
4%
Centola Salerno Campania 4969
4%
Centuripe Enna Sicilia 5172
4%
Cepagatti Pescara Abruzzo 10920
4%
Cerami Enna Sicilia 1859
4%
Cerano Novara Piemonte 6645
4%
Cerchiara di Calabria Cosenza Calabria 2218
4%
Cerchio L'Aquila Abruzzo 1570
4%
Cercola Napoli Campania 17076
4%
Ceregnano Rovigo Veneto 3515
4%
Ceriano Laghetto Monza e della Brianza Lombardia 6613
4%
Cernusco Lombardone Lecco Lombardia 3788
4%
Cerreto d'Asti Asti Piemonte 223
4%
Cerreto Guidi Firenze Toscana 10932
4%
Cerreto Sannita Benevento Campania 3654
4%
Cerro Maggiore Milano Lombardia 15021
4%
Cerro Veronese Verona Veneto 2565
4%
Cersosimo Potenza Basilicata 571
4%
Cervara di Roma Roma Lazio 442
4%
Cervarese Santa Croce Padova Veneto 5648
4%
Cerzeto Cosenza Calabria 1227
4%
Cesinali Avellino Campania 2602
4%
Cessapalombo Macerata Marche 443
4%
Cetraro Cosenza Calabria 9478
4%
Chamois Aosta Valle d'Aosta 108
4%
Champdepraz Aosta Valle d'Aosta 700
4%
Cherasco Cuneo Piemonte 9401
4%
Chianni Pisa Toscana 1318
4%
Chiaramonte Gulfi Ragusa Sicilia 7926
4%
Chiarano Treviso Veneto 3647
4%
Chiaravalle Centrale Catanzaro Calabria 5203
4%
Chiesanuova Torino Piemonte 233
4%
Chignolo Po Pavia Lombardia 3915
4%
Chiuduno Bergamo Lombardia 6027
4%
Chiuppano Vicenza Veneto 2493
4%
Chiusano di San Domenico Avellino Campania 2128
4%
Chiusa Sclafani Palermo Sicilia 2611
4%
Cibiana di Cadore Belluno Veneto 361
4%
Cicagna Genova Liguria 2245
4%
Cicerale Salerno Campania 1174
4%
Cicognolo Cremona Lombardia 904
4%
Cigliano Vercelli Piemonte 4283
4%
Cigole Brescia Lombardia 1477
4%
Cimadolmo Treviso Veneto 3377
4%
Ciminà Reggio Calabria Calabria 534
4%
Ciminna Palermo Sicilia 3485
4%
Cimitile Napoli Campania 6970
4%
Cingia de' Botti Cremona Lombardia 1147
4%
Cingoli Macerata Marche 9797
4%
Cinto Caomaggiore Venezia Veneto 3172
4%
Cinto Euganeo Padova Veneto 1960
4%
Cirigliano Matera Basilicata 297
4%
Cisano Bergamasco Bergamo Lombardia 6229
4%
Cison di Valmarino Treviso Veneto 2582
4%
Cittanova Reggio Calabria Calabria 9855
4%
Civate Lecco Lombardia 3739
4%
Civitella di Romagna Forlì-Cesena Emilia-Romagna 3701
4%
Civo Sondrio Lombardia 1124
4%
Claviere Torino Piemonte 202
4%
Cocconato Asti Piemonte 1385
4%
Codevigo Padova Veneto 6411
4%
Codognè Treviso Veneto 5296
4%
Cogliate Monza e della Brianza Lombardia 8444
4%
Colere Bergamo Lombardia 1105
4%
Collecorvino Pescara Abruzzo 5990
4%
Collepardo Frosinone Lazio 903
4%
Collepasso Lecce Puglia 5725
4%
Collepietro L'Aquila Abruzzo 217
4%
Colleretto Giacosa Torino Piemonte 591
4%
Colle Sannita Benevento Campania 2213
4%
Colle Santa Lucia Belluno Veneto 355
4%
Colletorto Campobasso Molise 1713
4%
Colliano Salerno Campania 3436
4%
Colmurano Macerata Marche 1190
4%
Cologna Veneta Verona Veneto 8452
4%
Cologno al Serio Bergamo Lombardia 11059
4%
Colonno Como Lombardia 469
4%
Colturano Milano Lombardia 2009
4%
Colzate Bergamo Lombardia 1618
4%
Comazzo Lodi Lombardia 2262
4%
Comeglians Udine Friuli-Venezia Giulia 449
4%
Comelico Superiore Belluno Veneto 2096
4%
Comiziano Napoli Campania 1692
4%
Comunanza Ascoli Piceno Marche 2981
4%
Conca dei Marini Salerno Campania 671
4%
Conca della Campania Caserta Campania 1177
4%
Concordia Sagittaria Venezia Veneto 10256
4%
Contà Trento Trentino-Alto Adige 1397
4%
Controne Salerno Campania 805
4%
Conza della Campania Avellino Campania 1265
4%
Copparo Ferrara Emilia-Romagna 15874
4%
Corbara Salerno Campania 2490
4%
Corbola Rovigo Veneto 2217
4%
Cordignano Treviso Veneto 6899
4%
Corigliano d'Otranto Lecce Puglia 5678
4%
Corio Torino Piemonte 3082
4%
Cornedo Vicentino Vicenza Veneto 11728
4%
Correzzola Padova Veneto 5090
4%
Corrido Como Lombardia 828
4%
Corridonia Macerata Marche 14941
4%
Corte Brugnatella Piacenza Emilia-Romagna 552
4%
Corte Franca Brescia Lombardia 7070
4%
Cortenuova Bergamo Lombardia 1937
4%
Corzano Brescia Lombardia 1417
4%
Cossignano Ascoli Piceno Marche 872
4%
Costabissara Vicenza Veneto 7705
4%
Covo Bergamo Lombardia 4165
4%
Craco Matera Basilicata 651
4%
Creazzo Vicenza Veneto 11314
4%
Credaro Bergamo Lombardia 3524
4%
Cremosano Cremona Lombardia 1729
4%
Crispano Napoli Campania 11705
4%
Crocefieschi Genova Liguria 518
4%
Crocetta del Montello Treviso Veneto 6080
4%
Cropalati Cosenza Calabria 1009
4%
Crucoli Crotone Calabria 2798
4%
Cuggiono Milano Lombardia 8194
4%
Cumiana Torino Piemonte 7787
4%
Cupramontana Ancona Marche 4418
4%
Cursi Lecce Puglia 3901
4%
Curtarolo Padova Veneto 7103
4%
Curti Caserta Campania 6766
4%
Custonaci Trapani Sicilia 5307
4%
Cutrofiano Lecce Puglia 8723
4%
Cuvio Varese Lombardia 1626
4%
Cancellara Potenza Basilicata 1166
0%
Cancello ed Arnone Caserta Campania 5443
0%
Candelo Biella Piemonte 7356
0%
Candia Lomellina Pavia Lombardia 1459
0%
Candiolo Torino Piemonte 5627
0%
Canepina Viterbo Lazio 2945
0%
Caneva Pordenone Friuli-Venezia Giulia 6361
0%
Canischio Torino Piemonte 277
0%
Canistro L'Aquila Abruzzo 936
0%
Cannara Perugia Umbria 4256
0%
Cannero Riviera Verbano-Cusio-Ossola Piemonte 897
0%
Canonica d'Adda Bergamo Lombardia 4230
0%
Canosa Sannita Chieti Abruzzo 1270
0%
Canosio Cuneo Piemonte 79
0%
Cansano L'Aquila Abruzzo 221
0%
Cantalupo Ligure Alessandria Piemonte 453
0%
Cantarana Asti Piemonte 1003
0%
Cantello Varese Lombardia 4750
0%
Cantoira Torino Piemonte 588
0%
Canzano Teramo Abruzzo 1768
0%
Capergnanica Cremona Lombardia 2165
0%
Capiago Intimiano Como Lombardia 5470
0%
Capizzone Bergamo Lombardia 1192
0%
Capodrise Caserta Campania 10033
0%
Caporciano L'Aquila Abruzzo 202
0%
Caposele Avellino Campania 3295
0%
Capoterra Cagliari Sardegna 23089
0%
Capovalle Brescia Lombardia 346
0%
Cappadocia L'Aquila Abruzzo 555
0%
Cappella Cantone Cremona Lombardia 545
0%
Cappella de' Picenardi Cremona Lombardia 413
0%
Cappelle sul Tavo Pescara Abruzzo 3956
0%
Caprauna Cuneo Piemonte 96
0%
Caprezzo Verbano-Cusio-Ossola Piemonte 171
0%
Capriana Trento Trentino-Alto Adige 579
0%
Capriata d'Orba Alessandria Piemonte 1795
0%
Caprie Torino Piemonte 2057
0%
Capriglio Asti Piemonte 321
0%
Capriva del Friuli Gorizia Friuli-Venezia Giulia 1622
0%
Caraffa del Bianco Reggio Calabria Calabria 469
0%
Caraffa di Catanzaro Catanzaro Calabria 1732
0%
Caraglio Cuneo Piemonte 6763
0%
Caramanico Terme Pescara Abruzzo 1823
0%
Carapelle Foggia Puglia 6703
0%
Carapelle Calvisio L'Aquila Abruzzo 83
0%
Carasco Genova Liguria 3705
0%
Carassai Ascoli Piceno Marche 985
0%
Caravate Varese Lombardia 2591
0%
Caravino Torino Piemonte 901
0%
Caravonica Imperia Liguria 254
0%
Carbognano Viterbo Lazio 1932
0%
Carbonara al Ticino Pavia Lombardia 1422
0%
Carbonara Scrivia Alessandria Piemonte 1098
0%
Carbonate Como Lombardia 2918
0%
Carcoforo Vercelli Piemonte 73
0%
Cardedu Ogliastra Sardegna 1948
0%
Carentino Alessandria Piemonte 333
0%
Careri Reggio Calabria Calabria 2145
0%
Caresana Vercelli Piemonte 1039
0%
Caresanablot Vercelli Piemonte 1096
0%
Cargeghe Sassari Sardegna 605
0%
Carimate Como Lombardia 4416
0%
Carisio Vercelli Piemonte 766
0%
Carlantino Foggia Puglia 845
0%
Carlazzo Como Lombardia 3103
0%
Carona Bergamo Lombardia 289
0%
Carovilli Isernia Molise 1279
0%
Carpanzano Cosenza Calabria 214
0%
Carpignano Salentino Lecce Puglia 3677
0%
Carpignano Sesia Novara Piemonte 2463
0%
Carpineto della Nora Pescara Abruzzo 573
0%
Carpineto Sinello Chieti Abruzzo 536
0%
Carpinone Isernia Molise 1044
0%
Carrodano Spezia Liguria 476
0%
Carrosio Alessandria Piemonte 489
0%
Cartignano Cuneo Piemonte 171
0%
Cartoceto Pesaro e Urbino Marche 7974
0%
Carunchio Chieti Abruzzo 610
0%
Carvico Bergamo Lombardia 4645
0%
Carzano Trento Trentino-Alto Adige 520
0%
Casacanditella Chieti Abruzzo 1174
0%
Casalbeltrame Novara Piemonte 981
0%
Casal Cermelli Alessandria Piemonte 1167
0%
Casalciprano Campobasso Molise 501
0%
Casale Corte Cerro Verbano-Cusio-Ossola Piemonte 3404
0%
Casale Cremasco-Vidolasco Cremona Lombardia 1821
0%
Casaleggio Boiro Alessandria Piemonte 364
0%
Casale Litta Varese Lombardia 2711
0%
Casale Marittimo Pisa Toscana 1053
0%
Casaletto Ceredano Cremona Lombardia 1137
0%
Casaletto di Sopra Cremona Lombardia 529
0%
Casaletto Vaprio Cremona Lombardia 1760
0%
Casalgrasso Cuneo Piemonte 1403
0%
Casalincontrada Chieti Abruzzo 3004
0%
Casalmorano Cremona Lombardia 1579
0%
Casalmoro Mantova Lombardia 2184
0%
Casalnoceto Alessandria Piemonte 979
0%
Casaloldo Mantova Lombardia 2677
0%
Casalvecchio Siculo Messina Sicilia 749
0%
Casalvolone Novara Piemonte 872
0%
Casalzuigno Varese Lombardia 1340
0%
Casanova Elvo Vercelli Piemonte 223
0%
Casanova Lerrone Savona Liguria 705
0%
Casanova Lonati Pavia Lombardia 464
0%
Casapinta Biella Piemonte 393
0%
Casaprota Rieti Lazio 699
0%
Casargo Lecco Lombardia 841
0%
Casarile Milano Lombardia 4025
0%
Casarza Ligure Genova Liguria 6743
0%
Casasco Alessandria Piemonte 116
0%
Casatenovo Lecco Lombardia 13128
0%
Casazza Bergamo Lombardia 3865
0%
Casciana Terme Lari Pisa Toscana 12134
0%
Cascinette d'Ivrea Torino Piemonte 1532
0%
Casei Gerola Pavia Lombardia 2372
0%
Caselette Torino Piemonte 3005
0%
Caselle Landi Lodi Lombardia 1503
0%
Caselle Lurani Lodi Lombardia 3006
0%
Casignana Reggio Calabria Calabria 726
0%
Caslino d'Erba Como Lombardia 1646
0%
Casola in Lunigiana Massa-Carrara Toscana 988
0%
Casola Valsenio Ravenna Emilia-Romagna 2502
0%
Casorate Primo Pavia Lombardia 8802
0%
Casorzo Monferrato Asti Piemonte 581
0%
Casperia Rieti Lazio 1210
0%
Caspoggio Sondrio Lombardia 1345
0%
Cassano all'Ionio Cosenza Calabria 16645
0%
Cassano Spinola Alessandria Piemonte 1843
0%
Cassano Valcuvia Varese Lombardia 653
0%
Cassiglio Bergamo Lombardia 112
0%
Cassinasco Asti Piemonte 549
0%
Cassina Valsassina Lecco Lombardia 521
0%
Cassolnovo Pavia Lombardia 6796
0%
Castagneto Po Torino Piemonte 1755
0%
Castagnito Cuneo Piemonte 2206
0%
Castagnole delle Lanze Asti Piemonte 3673
0%
Castagnole Monferrato Asti Piemonte 1157
0%
Castagnole Piemonte Torino Piemonte 2165
0%
Castana Pavia Lombardia 721
0%
Castelbelforte Mantova Lombardia 3266
0%
Castelbello-Ciardes Bolzano Trentino-Alto Adige 2375
0%
Castelbianco Savona Liguria 310
0%
Castelbottaccio Campobasso Molise 261
0%
Castelbuono Palermo Sicilia 8256
0%
Castel Castagna Teramo Abruzzo 463
0%
Castel Condino Trento Trentino-Alto Adige 219
0%
Castelcucco Treviso Veneto 2287
0%
Castel d'Aiano Bologna Emilia-Romagna 1857
0%
Castel d'Ario Mantova Lombardia 4519
0%
Casteldelci Rimini Emilia-Romagna 376
0%
Casteldelfino Cuneo Piemonte 152
0%
Castel del Giudice Isernia Molise 314
0%
Castel del Piano Grosseto Toscana 4813
0%
Casteldidone Cremona Lombardia 575
0%
Castel di Ieri L'Aquila Abruzzo 298
0%
Castel di Iudica Catania Sicilia 4352
0%
Castel di Lama Ascoli Piceno Marche 8458
0%
Castel di Lucio Messina Sicilia 1206
0%
Castel di Tora Rieti Lazio 267
0%
Castel Focognano Arezzo Toscana 2987
0%
Castelfranco di Sotto Pisa Toscana 13419
0%
Castelfranco Piandiscò Arezzo Toscana 9812
0%
Castel Frentano Chieti Abruzzo 4268
0%
Castel Gabbiano Cremona Lombardia 455
0%
Castelgerundo Lodi Lombardia 1491
0%
Castel Giorgio Terni Umbria 2037
0%
Castellafiume L'Aquila Abruzzo 1050
0%
Castell'Alfero Asti Piemonte 2657
0%
Castellalto Teramo Abruzzo 7426
0%
Castellana Sicula Palermo Sicilia 3101
0%
Castellania Coppi Alessandria Piemonte 85
0%
Castellar Guidobono Alessandria Piemonte 397
0%
Castellazzo Bormida Alessandria Piemonte 4389
0%
Castellazzo Novarese Novara Piemonte 318
0%
Castelletto Cervo Biella Piemonte 795
0%
Castelletto d'Erro Alessandria Piemonte 143
0%
Castelletto di Branduzzo Pavia Lombardia 971
0%
Castelletto d'Orba Alessandria Piemonte 1858
0%
Castelletto Merli Alessandria Piemonte 452
0%
Castelletto Molina Asti Piemonte 140
0%
Castelletto Monferrato Alessandria Piemonte 1428
0%
Castelletto sopra Ticino Novara Piemonte 9820
0%
Castelletto Stura Cuneo Piemonte 1362
0%
Castelletto Uzzone Cuneo Piemonte 309
0%
Castellina in Chianti Siena Toscana 2733
0%
Castellinaldo d'Alba Cuneo Piemonte 905
0%
Castellina Marittima Pisa Toscana 1877
0%
Castellino Tanaro Cuneo Piemonte 286
0%
Castello Cabiaglio Varese Lombardia 551
0%
Castello d'Agogna Pavia Lombardia 1067
0%
Castello dell'Acqua Sondrio Lombardia 606
0%
Castello di Annone Asti Piemonte 1801
0%
Castello-Molina di Fiemme Trento Trentino-Alto Adige 2320
0%
Castello Tesino Trento Trentino-Alto Adige 1167
0%
Castelmarte Como Lombardia 1249
0%
Castelmassa Rovigo Veneto 4016
0%
Castelmauro Campobasso Molise 1279
0%
Castelmola Messina Sicilia 1070
0%
Castelnovetto Pavia Lombardia 542
0%
Castelnovo del Friuli Pordenone Friuli-Venezia Giulia 826
0%
Castelnuovo Berardenga Siena Toscana 8960
0%
Castelnuovo Bocca d'Adda Lodi Lombardia 1546
0%
Castelnuovo Bozzente Como Lombardia 911
0%
Castelnuovo Calcea Asti Piemonte 706
0%
Castelnuovo della Daunia Foggia Puglia 1308
0%
Castelnuovo di Ceva Cuneo Piemonte 100
0%
Castelnuovo di Val di Cecina Pisa Toscana 2121
0%
Castelnuovo Magra Spezia Liguria 8320
0%
Castelnuovo Parano Frosinone Lazio 875
0%
Castelnuovo Scrivia Alessandria Piemonte 4874
0%
Castelpagano Benevento Campania 1365
0%
Castelpetroso Isernia Molise 1577
0%
Castelpizzuto Isernia Molise 153
0%
Castelpoto Benevento Campania 1150
0%
Castel Ritaldi Perugia Umbria 3072
0%
Castel Rozzone Bergamo Lombardia 2822
0%
Castel San Niccolò Arezzo Toscana 2544
0%
Castelseprio Varese Lombardia 1297
0%
Castelspina Alessandria Piemonte 391
0%
Castelveccana Varese Lombardia 1894
0%
Castelvecchio Calvisio L'Aquila Abruzzo 128
0%
Castelvecchio di Rocca Barbena Savona Liguria 132
0%
Castelverrino Isernia Molise 101
0%
Castelvisconti Cremona Lombardia 299
0%
Castel Vittorio Imperia Liguria 263
0%
Castiadas Cagliari Sardegna 1652
0%
Castiglione a Casauria Pescara Abruzzo 748
0%
Castiglione d'Orcia Siena Toscana 2157
0%
Castiglione Falletto Cuneo Piemonte 701
0%
Castiglione in Teverina Viterbo Lazio 2280
0%
Castiglione Messer Marino Chieti Abruzzo 1575
0%
Castiglione Messer Raimondo Teramo Abruzzo 2082
0%
Castiglione Tinella Cuneo Piemonte 832
0%
Castiglione Torinese Torino Piemonte 6446
0%
Castiglion Fibocchi Arezzo Toscana 2086
0%
Castignano Ascoli Piceno Marche 2639
0%
Castilenti Teramo Abruzzo 1379
0%
Castione Andevenno Sondrio Lombardia 1548
0%
Castions di Strada Udine Friuli-Venezia Giulia 3710
0%
Castiraga Vidardo Lodi Lombardia 2908
0%
Castropignano Campobasso Molise 883
0%
Castroreale Messina Sicilia 2255
0%
Castroregio Cosenza Calabria 246
0%
Catignano Pescara Abruzzo 1242
0%
Cavaglià Biella Piemonte 3537
0%
Cavaglietto Novara Piemonte 386
0%
Cavaglio d'Agogna Novara Piemonte 1172
0%
Cavagnolo Torino Piemonte 2237
0%
Cavallerleone Cuneo Piemonte 668
0%
Cavallermaggiore Cuneo Piemonte 5447
0%
Cavallirio Novara Piemonte 1302
0%
Cava Manara Pavia Lombardia 6598
0%
Cavareno Trento Trentino-Alto Adige 1117
0%
Cavargna Como Lombardia 191
0%
Cavaria con Premezzo Varese Lombardia 5692
0%
Cavasso Nuovo Pordenone Friuli-Venezia Giulia 1480
0%
Cavatore Alessandria Piemonte 257
0%
Cavazzo Carnico Udine Friuli-Venezia Giulia 961
0%
Cavenago d'Adda Lodi Lombardia 2116
0%
Cavernago Bergamo Lombardia 2653
0%
Cavizzana Trento Trentino-Alto Adige 233
0%
Cazzago Brabbia Varese Lombardia 799
0%
Cazzano Sant'Andrea Bergamo Lombardia 1646
0%
Cecima Pavia Lombardia 229
0%
Cedrasco Sondrio Lombardia 435
0%
Cefalà Diana Palermo Sicilia 995
0%
Celenza sul Trigno Chieti Abruzzo 819
0%
Celico Cosenza Calabria 2545
0%
Cella Monte Alessandria Piemonte 477
0%
Cellara Cosenza Calabria 485
0%
Cellarengo Asti Piemonte 706
0%
Celle di Macra Cuneo Piemonte 82
0%
Celle Enomondo Asti Piemonte 462
0%
Celleno Viterbo Lazio 1304
0%
Cellere Viterbo Lazio 1076
0%
Cellio con Breia Vercelli Piemonte 941
0%
Cellole Caserta Campania 7985
0%
Cembra Lisignago Trento Trentino-Alto Adige 2308
0%
Cenadi Catanzaro Calabria 513
0%
Cencenighe Agordino Belluno Veneto 1258
0%
Cengio Savona Liguria 3308
0%
Centallo Cuneo Piemonte 6877
0%
Centrache Catanzaro Calabria 360
0%
Ceppaloni Benevento Campania 3166
0%
Ceppo Morelli Verbano-Cusio-Ossola Piemonte 302
0%
Ceranesi Genova Liguria 3679
0%
Cerano d'Intelvi Como Lombardia 545
0%
Ceranova Pavia Lombardia 2249
0%
Ceraso Salerno Campania 2242
0%
Cercemaggiore Campobasso Molise 3577
0%
Cercenasco Torino Piemonte 1761
0%
Cercepiccola Campobasso Molise 627
0%
Cercino Sondrio Lombardia 792
0%
Cercivento Udine Friuli-Venezia Giulia 652
0%
Cerda Palermo Sicilia 4979
0%
Cerenzia Crotone Calabria 1047
0%
Ceresara Mantova Lombardia 2538
0%
Cereseto Alessandria Piemonte 391
0%
Ceresole d'Alba Cuneo Piemonte 1975
0%
Ceresole Reale Torino Piemonte 167
0%
Cerete Bergamo Lombardia 1589
0%
Ceretto Lomellina Pavia Lombardia 178
0%
Cergnago Pavia Lombardia 698
0%
Ceriana Imperia Liguria 1083
0%
Cerignale Piacenza Emilia-Romagna 119
0%
Cerisano Cosenza Calabria 2962
0%
Cermes Bolzano Trentino-Alto Adige 1589
0%
Cermignano Teramo Abruzzo 1493
0%
Cerreto d'Esi Ancona Marche 3486
0%
Cerreto di Spoleto Perugia Umbria 1014
0%
Cerreto Grue Alessandria Piemonte 302
0%
Cerreto Laziale Roma Lazio 1080
0%
Cerretto Langhe Cuneo Piemonte 410
0%
Cerrina Alessandria Piemonte 1264
0%
Cerrione Biella Piemonte 2802
0%
Cerro al Volturno Isernia Molise 1170
0%
Cerro Tanaro Asti Piemonte 594
0%
Cervaro Frosinone Lazio 7794
0%
Cervasca Cuneo Piemonte 5143
0%
Cervatto Vercelli Piemonte 52
0%
Cervere Cuneo Piemonte 2242
0%
Cervesina Pavia Lombardia 1129
0%
Cervicati Cosenza Calabria 793
0%
Cervignano d'Adda Lodi Lombardia 2164
0%
Cervinara Avellino Campania 8903
0%
Cesana Brianza Lecco Lombardia 2379
0%
Cesara Verbano-Cusio-Ossola Piemonte 591
0%
Cesarò Messina Sicilia 2212
0%
Cessaniti Vibo Valentia Calabria 3015
0%
Cessole Asti Piemonte 366
0%
Cetara Salerno Campania 1993
0%
Cetona Siena Toscana 2516
0%
Challand-Saint-Anselme Aosta Valle d'Aosta 736
0%
Challand-Saint-Victor Aosta Valle d'Aosta 536
0%
Chambave Aosta Valle d'Aosta 872
0%
Champorcher Aosta Valle d'Aosta 380
0%
Charvensod Aosta Valle d'Aosta 2377
0%
Cheremule Sassari Sardegna 408
0%
Chialamberto Torino Piemonte 353
0%
Chianche Avellino Campania 457
0%
Chianocco Torino Piemonte 1569
0%
Chiaramonti Sassari Sardegna 1529
0%
Chiaromonte Potenza Basilicata 1778
0%
Chiauci Isernia Molise 204
0%
Chiaverano Torino Piemonte 2021
0%
Chienes Bolzano Trentino-Alto Adige 2957
0%
Chieuti Foggia Puglia 1557
0%
Chieve Cremona Lombardia 2264
0%
Chiomonte Torino Piemonte 860
0%
Chions Pordenone Friuli-Venezia Giulia 5126
0%
Chiopris-Viscone Udine Friuli-Venezia Giulia 665
0%
Chitignano Arezzo Toscana 880
0%
Chiuro Sondrio Lombardia 2439
0%
Chiusa di Pesio Cuneo Piemonte 3577
0%
Chiusa di San Michele Torino Piemonte 1565
0%
Chiusaforte Udine Friuli-Venezia Giulia 621
0%
Chiusanico Imperia Liguria 585
0%
Chiusano d'Asti Asti Piemonte 228
0%
Chiusavecchia Imperia Liguria 515
0%
Chiusdino Siena Toscana 1801
0%
Chiusi della Verna Arezzo Toscana 1894
0%
Cianciana Agrigento Sicilia 3177
0%
Cicala Catanzaro Calabria 902
0%
Ciciliano Roma Lazio 1259
0%
Ciconio Torino Piemonte 360
0%
Cigliè Cuneo Piemonte 185
0%
Cigognola Pavia Lombardia 1303
0%
Cilavegna Pavia Lombardia 5333
0%
Cimolais Pordenone Friuli-Venezia Giulia 352
0%
Cimone Trento Trentino-Alto Adige 708
0%
Cinaglio Asti Piemonte 428
0%
Cineto Romano Roma Lazio 584
0%
Cinigiano Grosseto Toscana 2414
0%
Cinquefrondi Reggio Calabria Calabria 6244
0%
Cintano Torino Piemonte 242
0%
Cinte Tesino Trento Trentino-Alto Adige 348
0%
Ciorlano Caserta Campania 382
0%
Cipressa Imperia Liguria 1197
0%
Circello Benevento Campania 2189
0%
Cirimido Como Lombardia 2080
0%
Cisano sul Neva Savona Liguria 2123
0%
Cissone Cuneo Piemonte 82
0%
Cisterna d'Asti Asti Piemonte 1221
0%
Cittaducale Rieti Lazio 6503
0%
Cittareale Rieti Lazio 415
0%
Città Sant'Angelo Pescara Abruzzo 14799
0%
Cittiglio Varese Lombardia 3797
0%
Civezza Imperia Liguria 619
0%
Civezzano Trento Trentino-Alto Adige 4080
0%
Civiasco Vercelli Piemonte 239
0%
Civitacampomarano Campobasso Molise 323
0%
Civita d'Antino L'Aquila Abruzzo 944
0%
Civitaluparella Chieti Abruzzo 297
0%
Civitanova del Sannio Isernia Molise 919
0%
Civitaquana Pescara Abruzzo 1190
0%
Civitella Casanova Pescara Abruzzo 1650
0%
Civitella d'Agliano Viterbo Lazio 1500
0%
Civitella del Tronto Teramo Abruzzo 4649
0%
Civitella in Val di Chiana Arezzo Toscana 8808
0%
Civitella Messer Raimondo Chieti Abruzzo 797
0%
Civitella Paganico Grosseto Toscana 3020
0%
Civitella Roveto L'Aquila Abruzzo 3068
0%
Civitella San Paolo Roma Lazio 1993
0%
Claino con Osteno Como Lombardia 566
0%
Claut Pordenone Friuli-Venezia Giulia 877
0%
Clauzetto Pordenone Friuli-Venezia Giulia 384
0%
Clavesana Cuneo Piemonte 812
0%
Cleto Cosenza Calabria 1187
0%
Clivio Varese Lombardia 1909
0%
Coassolo Torinese Torino Piemonte 1449
0%
Coazze Torino Piemonte 3171
0%
Coazzolo Asti Piemonte 285
0%
Cocquio-Trevisago Varese Lombardia 4612
0%
Cocullo L'Aquila Abruzzo 217
0%
Codevilla Pavia Lombardia 946
0%
Codrongianos Sassari Sardegna 1276
0%
Coggiola Biella Piemonte 1673
0%
Cogorno Genova Liguria 5672
0%
Colazza Novara Piemonte 514
0%
Colfelice Frosinone Lazio 1822
0%
Collalto Sabino Rieti Lazio 395
0%
Collarmele L'Aquila Abruzzo 843
0%
Collazzone Perugia Umbria 3400
0%
Colle Brianza Lecco Lombardia 1730
0%
Colle d'Anchise Campobasso Molise 753
0%
Colledara Teramo Abruzzo 2106
0%
Colledimacine Chieti Abruzzo 166
0%
Colledimezzo Chieti Abruzzo 440
0%
Colle di Tora Rieti Lazio 359
0%
Collegiove Rieti Lazio 135
0%
Collelongo L'Aquila Abruzzo 1120
0%
Colleretto Castelnuovo Torino Piemonte 312
0%
Collesalvetti Livorno Toscana 16381
0%
Colle San Magno Frosinone Lazio 650
0%
Collesano Palermo Sicilia 3772
0%
Collevecchio Rieti Lazio 1507
0%
Colli al Metauro Pesaro e Urbino Marche 12202
0%
Colli a Volturno Isernia Molise 1291
0%
Colli del Tronto Ascoli Piceno Marche 3655
0%
Collinas Medio Campidano Sardegna 796
0%
Colli sul Velino Rieti Lazio 465
0%
Colli Verdi Pavia Lombardia 1035
0%
Collobiano Vercelli Piemonte 86
0%
Colloredo di Monte Albano Udine Friuli-Venezia Giulia 2176
0%
Colobraro Matera Basilicata 1086
0%
Colonnella Teramo Abruzzo 3649
0%
Colorina Sondrio Lombardia 1353
0%
Colosimi Cosenza Calabria 1163
0%
Colverde Como Lombardia 5403
0%
Comabbio Varese Lombardia 1228
0%
Comano Massa-Carrara Toscana 672
0%
Comano Terme Trento Trentino-Alto Adige 2895
0%
Comerio Varese Lombardia 2880
0%
Comignago Novara Piemonte 1222
0%
Comitini Agrigento Sicilia 887
0%
Commessaggio Mantova Lombardia 1089
0%
Commezzadura Trento Trentino-Alto Adige 1019
0%
Compiano Parma Emilia-Romagna 1061
0%
Conca Casale Isernia Molise 170
0%
Concerviano Rieti Lazio 282
0%
Concordia sulla Secchia Modena Emilia-Romagna 8162
0%
Condove Torino Piemonte 4427
0%
Condrò Messina Sicilia 467
0%
Confienza Pavia Lombardia 1561
0%
Configni Rieti Lazio 583
0%
Conflenti Catanzaro Calabria 1300
0%
Coniolo Alessandria Piemonte 451
0%
Conselice Ravenna Emilia-Romagna 9554
0%
Conselve Padova Veneto 10069
0%
Contessa Entellina Palermo Sicilia 1536
0%
Contigliano Rieti Lazio 3772
0%
Controguerra Teramo Abruzzo 2272
0%
Contursi Terme Salerno Campania 3244
0%
Conzano Alessandria Piemonte 948
0%
Copiano Pavia Lombardia 1734
0%
Corana Pavia Lombardia 762
0%
Cordovado Pordenone Friuli-Venezia Giulia 2684
0%
Coreglia Antelminelli Lucca Toscana 5161
0%
Coreglia Ligure Genova Liguria 267
0%
Coreno Ausonio Frosinone Lazio 1531
0%
Corfinio L'Aquila Abruzzo 984
0%
Corleto Monforte Salerno Campania 528
0%
Corleto Perticara Potenza Basilicata 2351
0%
Corna Imagna Bergamo Lombardia 930
0%
Cornalba Bergamo Lombardia 290
0%
Cornale e Bastida Pavia Lombardia 831
0%
Cornedo all'Isarco Bolzano Trentino-Alto Adige 3433
0%
Cornegliano Laudense Lodi Lombardia 2864
0%
Corneliano d'Alba Cuneo Piemonte 2120
0%
Corniglio Parma Emilia-Romagna 1755
0%
Corno di Rosazzo Udine Friuli-Venezia Giulia 3121
0%
Corno Giovine Lodi Lombardia 1120
0%
Cornovecchio Lodi Lombardia 202
0%
Correzzana Monza e della Brianza Lombardia 3035
0%
Corsano Lecce Puglia 5250
0%
Corsione Asti Piemonte 201
0%
Cortaccia sulla Strada del Vino Bolzano Trentino-Alto Adige 2220
0%
Cortale Catanzaro Calabria 1902
0%
Cortandone Asti Piemonte 310
0%
Cortanze Asti Piemonte 273
0%
Cortazzone Asti Piemonte 594
0%
Corte de' Cortesi con Cignone Cremona Lombardia 1032
0%
Corte de' Frati Cremona Lombardia 1317
0%
Cortemilia Cuneo Piemonte 2244
0%
Cortenova Lecco Lombardia 1155
0%
Corteolona e Genzone Pavia Lombardia 2533
0%
Corte Palasio Lodi Lombardia 1534
0%
Cortiglione Asti Piemonte 522
0%
Cortina sulla Strada del Vino Bolzano Trentino-Alto Adige 654
0%
Corvara in Badia Bolzano Trentino-Alto Adige 1487
0%
Corvino San Quirico Pavia Lombardia 977
0%
Coseano Udine Friuli-Venezia Giulia 2091
0%
Cosio di Arroscia Imperia Liguria 168
0%
Cosio Valtellino Sondrio Lombardia 5409
0%
Cosoleto Reggio Calabria Calabria 822
0%
Cossano Belbo Cuneo Piemonte 928
0%
Cossano Canavese Torino Piemonte 443
0%
Cosseria Savona Liguria 1062
0%
Cossogno Verbano-Cusio-Ossola Piemonte 667
0%
Cossoine Sassari Sardegna 776
0%
Cossombrato Asti Piemonte 516
0%
Costacciaro Perugia Umbria 1119
0%
Costa de' Nobili Pavia Lombardia 381
0%
Costa di Mezzate Bergamo Lombardia 3348
0%
Costa Masnaga Lecco Lombardia 4761
0%
Costanzana Vercelli Piemonte 748
0%
Costarainera Imperia Liguria 773
0%
Costa Serina Bergamo Lombardia 874
0%
Costa Valle Imagna Bergamo Lombardia 549
0%
Costa Vescovato Alessandria Piemonte 323
0%
Costigliole Saluzzo Cuneo Piemonte 3333
0%
Cotignola Ravenna Emilia-Romagna 7329
0%
Cotronei Crotone Calabria 5253
0%
Cottanello Rieti Lazio 531
0%
Cozzo Pavia Lombardia 369
0%
Crandola Valsassina Lecco Lombardia 272
0%
Cravagliana Vercelli Piemonte 252
0%
Cravanzana Cuneo Piemonte 374
0%
Craveggia Verbano-Cusio-Ossola Piemonte 759
0%
Crecchio Chieti Abruzzo 2648
0%
Credera Rubbiano Cremona Lombardia 1557
0%
Cremella Lecco Lombardia 1699
0%
Cremenaga Varese Lombardia 774
0%
Cremeno Lecco Lombardia 1649
0%
Cremia Como Lombardia 687
0%
Cremolino Alessandria Piemonte 991
0%
Crescentino Vercelli Piemonte 7611
0%
Crespiatica Lodi Lombardia 2219
0%
Crespina Lorenzana Pisa Toscana 5393
0%
Crevacuore Biella Piemonte 1412
0%
Crevoladossola Verbano-Cusio-Ossola Piemonte 4517
0%
Crissolo Cuneo Piemonte 154
0%
Crognaleto Teramo Abruzzo 1146
0%
Crosia Cosenza Calabria 9621
0%
Crosio della Valle Varese Lombardia 600
0%
Crotta d'Adda Cremona Lombardia 639
0%
Crova Vercelli Piemonte 394
0%
Croviana Trento Trentino-Alto Adige 688
0%
Cuasso al Monte Varese Lombardia 3598
0%
Cuccaro Vetere Salerno Campania 555
0%
Cucciago Como Lombardia 3456
0%
Cuceglio Torino Piemonte 937
0%
Cugliate-Fabiasco Varese Lombardia 3046
0%
Cuglieri Oristano Sardegna 2493
0%
Cugnoli Pescara Abruzzo 1366
0%
Cumignano sul Naviglio Cremona Lombardia 415
0%
Cunardo Varese Lombardia 2902
0%
Cunico Asti Piemonte 444
0%
Cupello Chieti Abruzzo 4752
0%
Cura Carpignano Pavia Lombardia 4881
0%
Curcuris Oristano Sardegna 314
0%
Cureggio Novara Piemonte 2587
0%
Curiglia con Monteviasco Varese Lombardia 156
0%
Curinga Catanzaro Calabria 6549
0%
Curino Biella Piemonte 455
0%
Cusano Mutri Benevento Campania 3823
0%
Cusino Como Lombardia 214
0%
Cuveglio Varese Lombardia 3266
0%
Nessun quiz corrispondente trovato
Distribuzione punteggi
Percentuale di utenti per punteggio
Percentile per numero di risposta
I tuoi punteggi nel tempo
Non hai fatto questo quiz dall'ultimo reset